000 00526nam a2200193Ia 4500
005 20250508150931.0
008 008 250505s9999 xx 000 0 eng d
037 _aTextual
040 _aFEDL
_beng
_cFEDL
041 _aeng
_2eng
084 _a155.45, AIC
_qFEDL
100 _aAichhorn August
245 0 _aWayward youth
260 _aLondon, UK
_bImago Publishing Company Limited
_c1951
300 _axix,236p.
650 _aChild Psychology
942 _cTEXL
_h155.45, AIC
999 _c1326572
_d1326572